Loading...
Current Events | 3 | 16.67 | 100% | 67% | 0% |
Fine Arts - Classical Music | 8 | 17.50 | 100% | 63% | 13% |
Fine Arts - Other Fine Arts | 6 | 15.00 | 100% | 33% | 17% |
Geography | 3 | 20.00 | 100% | 100% | 0% |
History - American History | 3 | 20.00 | 100% | 100% | 0% |
History - European History | 9 | 20.00 | 100% | 56% | 44% |
History - Other History | 6 | 16.67 | 83% | 67% | 17% |
History - World History | 5 | 14.00 | 80% | 60% | 0% |
Literature - American Literature | 4 | 15.00 | 100% | 25% | 25% |
Literature - British Literature | 5 | 12.00 | 80% | 40% | 0% |
Literature - European Literature | 6 | 21.67 | 100% | 83% | 33% |
Literature - World Literature | 7 | 18.57 | 100% | 71% | 14% |
Mythology | 2 | 25.00 | 100% | 100% | 50% |
Painting/Sculpture | 6 | 20.00 | 100% | 67% | 33% |
Philosophy | 4 | 17.50 | 100% | 75% | 0% |
Pop Culture | 2 | 25.00 | 100% | 100% | 50% |
Religion | 6 | 15.00 | 83% | 50% | 17% |
Science - Biology | 5 | 20.00 | 100% | 60% | 40% |
Science - Chemistry | 8 | 16.25 | 88% | 63% | 13% |
Science - Other Science | 5 | 18.00 | 80% | 80% | 20% |
Science - Physics | 8 | 28.75 | 163% | 113% | 13% |
Social Science | 5 | 16.00 | 100% | 40% | 20% |